Geography 'F' Blitz Quiz Stats

 Plays Quiz Updated Sep 12, 2017

     
Support Sporcle.
Go Orange.
Score 0/20 Timer 02:00
3 Plays Today
Category Answer % Correct
European countryFinland
95.7%
ArchipelagoFalkland Islands
92.3%
Oceanian countryFiji
91.8%
US stateFlorida
90.8%
World currencyFranc
88%
German city (100K+)Frankfurt
83.1%
Italian city (100K+)Florence
78.3%
California city (100K+)Fresno
67.6%
Term for inlet or bayFjord
54.6%
US state capitalFrankfort
51.8%
Category Answer % Correct
Mountain (3500 m)Fuji
50.5%
African city (1mil+)Fes
45.3%
Texas city (100K+)Fort Worth
41.9%
African capitalFreetown
38.9%
Oceanian capitalFunafuti
34.9%
Iraqi city (100K+)Fallujah
33.9%
Asian demonymFilipino
31.2%
Cradle of civilizationFertile Crescent
22.9%
Prefecture of JapanFukushima
22.3%
Major River (1000 km)Fraser
16.8%

From the Vault

The 3rd Thing You Need to Know: Actors

by MrWhiplash

Movies 4m
It's okay if you don't know the first thing about movies, you just have to know the third thing.
Remove Ads.
Support Sporcle.
Get the best of Sporcle when you Go Orange. This ad-free experience offers more features, more stats, and more fun while also helping to support Sporcle. Thank you for becoming a member.

Show Comments

Extras

Top Quizzes Today


Score Distribution

Your Account Isn't Verified!

In order to create a playlist on Sporcle, you need to verify the email address you used during registration. Go to your Sporcle Settings to finish the process.

Report this User

Report this user for behavior that violates our Community Guidelines.

Details: